000
00258nam a2200133Ia 4500
100
_a
Kumar/A
942
_c
BK
654
_a
Welder solved papers
245
_a
Welders Solved Papers
260
_b
none
300
_a
73
546
_a
ENGLISH
999
_c
26632
_d
26632